[Event "IECC O-2854"]
[Site "IECC email"]
[Date "2008.11.07"]
[Round "?"]
[White "Hiaja, Herve"]
[Black "Kellaway, Edward Fenton"]
[Result "1-0"]
[WhiteElo "1361"]
[BlackElo "1394"]
[PlyCount "101"]
[EventDate "2008.??.??"]
[EventType "swiss (corr)"]
[EventRounds "2"]
[SourceTitle "Corr 2011"]
[Source "ChessBase"]
[SourceDate "2010.08.31"]
[SourceVersion "1"]
[SourceVersionDate "2010.08.31"]
[SourceQuality "1"]
[WhiteTeam "Madagascar"]
[BlackTeam "South Africa"]
[WhiteTeamCountry "MAD"]
[BlackTeamCountry "RSA"]

1. e4 e5 2. Nf3 Nc6 3. Bb5 Nf6 4. 0-0 Bc5 5. Qe2 d6 6. Bxc6+ bxc6 7. c3 0-0 8. d3 h6 9. h3 Be6 10. Be3 Bxe3 11. fxe3 Qe7 12. Nbd2 Rab8 13. b3 a6 14. Rf2 Rb6 15. Kh2 g6 16. Raf1 Kg7 17. d4 Nd7 18. Nc4 Bxc4 19. Qxc4 f6 20. Nd2 c5 21. Qd3 cxd4 22. exd4 d5 23. Kh1 Rd6 24. exd5 exd4 25. Qxd4 c5 26. Qc4 Nb6 27. Qxc5 Nxd5 28. Nf3 Qc7 29. Qxc7+ Nxc7 30. Re1 Re6 31. Rd1 Rf7 32. Rfd2 Ree7 33. c4 Ne6 34. Rd6 a5 35. Ra6 Rd7 36. Rxd7 Nc5 37. Rxf7+ Kxf7 38. Rxa5 Ne4 39. b4 Ke6 40. Rd5 Ng3+ 41. Kg1 Nf5 42. a4 Nd6 43. Rxd6+ Kxd6 44. a5 Kc7 45. b5 Kb7 46. c5 Ka7 47. a6 g5 48. Nd4 h5 49. Nc6+ Ka8 50. b6 f5 51. b7# 1-0

[Event "IECC O-2748"]
[Site "IECC email"]
[Date "2008.02.15"]
[Round "?"]
[White "Vertenten, Leo"]
[Black "Kellaway, Edward Fenton"]
[Result "0-1"]
[WhiteElo "1360"]
[BlackElo "1391"]
[PlyCount "90"]
[EventDate "2008.??.??"]
[EventType "swiss (corr)"]
[EventRounds "2"]
[SourceTitle "Corr 2013"]
[Source "ChessBase"]
[SourceDate "2012.11.12"]
[SourceVersion "1"]
[SourceVersionDate "2012.11.12"]
[SourceQuality "1"]
[WhiteTeam "Australia"]
[BlackTeam "Canada"]
[WhiteTeamCountry "AUS"]
[BlackTeamCountry "CAN"]

1. d4 d5 2. c4 e6 3. a3 dxc4 4. Nc3 Nc6 5. Bf4 Nxd4 6. e3 Nb3 7. Qxd8+ Kxd8 8. Rd1+ Bd6 9. Bxd6 cxd6 10. Rxd6+ Ke7 11. Rd1 Na5 12. Nf3 b6 13. Ne5 Nf6 14. Nxc4 Bb7 15. f3 Rad8 16. Nxa5 Rxd1+ 17. Nxd1 bxa5 18. Bc4 Rc8 19. b3 a4 20. 0-0 axb3 21. Bxb3 Nd5 22. e4 Nf4 23. Nf2 Ne2+ 24. Kh1 Nd4 25. Ba2 Rc2 26. Bb1 Rd2 27. Nd3 Ba6 28. h3 Bxd3 29. Bxd3 Rxd3 30. a4 Ra3 31. Rc1 Rxa4 32. Rc7+ Ke8 33. Rc8+ Kd7 34. Ra8 h6 35. h4 Kc6 36. Rg8 Ra1+ 37. Kh2 Ra2 38. Kh3 g6 39. g3 Nxf3 40. Rf8 f5 41. exf5 exf5 42. Rf6+ Kd5 43. g4 Ke4 44. h5 Kf4 45. hxg6 Rh2# 0-1